| 000 | 00000nam##2200000za#4500 |
| 001 | 9.587689 |
| 003 | CaOODSP |
| 005 | 20210624194744 |
| 007 | cr ||||||||||| |
| 008 | 150406|2007||||xxc|||||o f|0| 0 eng|d |
| 022 | |a1701-1280 |
| 040 | |aCaOODSP|beng |
| 041 | |aeng |
| 041 | |afre |
| 043 | |an-cn--- |
| 086 | 1 |aFs70-4/2007-024-PDF |
| 110 | 1 |aCanada. |bDepartment of Fisheries and Oceans. |
| 245 | 10|aAssessing marine fish species - relating approaches based on reference points with approaches based on risk-of-extinction criteria : |h[electronic resource]|ba workshop organized by COSEWIC (Committee on Status of Endangered Wildlife in Canada) and DFO (Department of Fisheries and Oceans) / |c[by] Howard Powles and Jake Rice. |
| 260 | |aOttawa - Ontario : |bFisheries and Oceans Canada |cJanuary 2008. |
| 300 | |a71p.|btable |
| 490 | 1 |aCanadian Science Advisory Secretariat proceedings series|x1701-1280|v2007/024 |
| 500 | |a"March 20-22, 2007, University of Ottawa, Ottawa, Ontario, Canada"--Cover. |
| 590 | |a11-31-Supp|b2011-12-13 |
| 720 | 1 |aPowles, Howard |
| 720 | 1 |aRice, Jake |
| 792 | |tÉvaluation des espèces de poissons marins : rapprochement des approches fondées sur des points de référence et des approches fondées sur des critères associés au risque d'extinction : |efre|w(CaOODSP)9.587690 |
| 830 | #0|aProceedings series (Canadian Science Advisory Secretariat)|x1701-1280|v2007/024|w(CaOODSP)9.500507 |
| 856 | 40|ahttp://publications.gc.ca|qPDF|s536 KB|uhttps://publications.gc.ca/collections/collection_2011/mpo-dfo/Fs70-4-2007-024.pdf|y2007/024 |